Vista normal
Vista MARC
- Comité Español de Representantes de Personas con Discapacidad (CERMI)
Entrada Nombre corporativo
Número de registros utilizados en: 1
001 - NÚMERO DE CONTROL
- campo de control: 382
003 - IDENTIFICADOR DEL NÚMERO DE CONTROL
- campo de control: ES-MaFIAP
005 - FECHA Y HORA DE LA ÚLTIMA TRANSACCIÓN
- campo de control: 20220923125440.0
008 - DATOS DE LONGITUD FIJA
- campo de control de longitud fija: 220923|| aca||aabn | a|a d
040 ## - FUENTE DE LA CATALOGACIÓN
- Centro catalogador/agencia de origen: ES-MaFIAP
- Centro/agencia transcriptor: ES-MaFIAP
110 ## - ENCABEZAMIENTO-NOMBRE DE ENTIDAD CORPORATIVA
- Nombre de entidad corporativa o nombre de jurisdicción como elemento de entrada: Comité Español de Representantes de Personas con Discapacidad (CERMI)
- Unidad subordinada: Comisión de la Mujer
670 ## - FUENTE DE DATOS ENCONTRADOS
- Cita de la fuente: Work cat.: (ES-MaFIAP)116: Comité Español de Representantes de Personas con Discapacidad (CERMI) Comisión de la Mujer, 1er plan integral de acción para mujeres con discapacidad 2005-2008 [Texto impreso] /, 2005





